LEADER 01977nam a2200361 4500 001 000000334802 003 CaOOAMICUS 005 20190903160542.0 008 190710s2015 it 000 u ita r 020 $a978-88-6244-399-9 040 $aSeMil$bita 100 1 $aTassello, Giovanni Graziano .$0(OLS)http://semarc/name/44289 245 10$aMigranti, profeti di comunione :$bsaggi, conferenze e riflessioni di Giovanni Graziano Tassello /$ca cura di = herausgegeben von Tobias Kessler, Luisa Deponti, Felicina Proserpio. 246 01$aMigrantinnen und migranten, vorboten der communio :$bessays, vorträge und denkanstösse von Giovanni Graziano Tassello 264 1$aTodi (PG) :$bTau Editrice,$c2015. 300 $a411 p. ;$c24 cm 490 1 $aQuaderni migrantes ;$v7 500 $aIn testa al front.: Cserpe, Centro Studi e Ricerche per l'Emigrazione 650 4$aMigrazioni.$0(OLS)http://semarc/subject/26631 650 4$aMigranti.$0(OLS)http://semarc/subject/27971 700 1 $aKessler, Tobias.$0(OLS)http://semarc/name/109868 700 1 $aDeponti, Luisa.$0(OLS)http://semarc/name/44290 700 1 $aProserpio, Felicina.$0(OLS)http://semarc/name/109869 710 1 $aCSERPE.$0(OLS)http://semarc/name/109870 830 0$aQuaderni migrantes ;$v7.$0(OLS)http://semarc/title/424426 850 $aSeMil 852 $aSeMil$W1$xVenegono$y1$m3N IV 677$j216534$B226936$CSeMilBibl$Z2$F226936 $81 961 $aAntonelli don Mario - Omaggio 996 $6020$a978-88-6244-399-9$9(OLS)http://semarc/number/287912 996 $6246$aMigrantinnen und migranten, vorboten der communio :$bessays, vorträge und denkanstösse von Giovanni Graziano Tassello$9(OLS)http://semarc/title/424429 996 $6245$aMigranti, profeti di comunione :$bsaggi, conferenze e riflessioni di Giovanni Graziano Tassello$9(OLS)http://semarc/title/424427 996 $6264$aTodi (PG) :$bTau Editrice$9(OLS)http://semarc/publisher/35322 LEADER 01241nam a2200265 4500 001 000000357047 003 CaOOAMICUS 005 20240208115237.0 008 240205s1966 xxk 000 u eng r 040 $aSeMil$bita 100 1 $aNeill, Stephen Charles.$0(OLS)http://semarc/name/1377 245 14$aThe interpretation of the New Testament, 1861-1961 / $cby Stephen Neill. 264 1$aLondon ; New York ; Toronto :$bOxford University Press,$c1966. 300 $aVI, 360 p. ;$c20 cm 490 1 $aThe Firth Lectures ;$v1962 490 1 $aOxford paperbacks ;$v113 650 4$aBibbia. Nuovo Testamento - Commentari, studi, critica, interpretazioni.$0(OLS)http://semarc/subject/184 830 0$aOxford paperbacks ;$v113.$0(OLS)http://semarc/title/447338 830 4$aThe Firth Lectures ;$v1962.$0(OLS)http://semarc/title/447288 850 $aSeMil 852 $aSeMil$W1$xVenegono$y1$m2V III 31$j245974$B248229$CSeMilBibl$Z2$F248229 $81 961 $aCitrini don Tullio - Omaggio 996 $6245$aThe interpretation of the New Testament, 1861-1961 / $9(OLS)http://semarc/title/447287 996 $6264$aLondon ; New York ; Toronto :$bOxford University Press$9(OLS)http://semarc/publisher/40256